American foereign policy & process (Record no. 27150)

MARC details
000 -LEADER
fixed length control field 00402nam a2200169Ia 4500
020 ## - INTERNATIONAL STANDARD BOOK NUMBER
ISBN 0- 87581- 410- 7
050 ## - CALL MARK
Classification number E183.&.M4714
100 ## - STATEMENT OF RESPONSIBILITY--MAIN AUTHOR NAME
Personal name James M. McCormick
245 #0 - TITLE STATEMENT
Title American foereign policy & process
250 ## - EDITION / VOLUME STATEMENT
Edition / Volume statement 3rd ed.
260 ## - PUBLICATION, DISTRIBUTION, ETC. (IMPRINT)
Name of publisher F. E. peacock
260 ## - PUBLICATION, DISTRIBUTION, ETC. (IMPRINT)
Year of publication 1998
300 ## - PHYSICAL DESCRIPTION
Number of Pages 630 p
942 ## - ADDED ENTRY ELEMENTS (KOHA)
Koha item type Books
Holdings
Withdrawn status Lost status Source of classification or shelving scheme Damaged status Not for loan Permanent Location Current Location Date acquired Full call number Accession Number Price effective from Koha item type
    Library of Congress Classification     NILE UNIVERSITY OF NIGERIA - MAIN LIBRARY NILE UNIVERSITY OF NIGERIA - MAIN LIBRARY 04/23/2025 E183.&.M4714 0002333 04/23/2025 Books